[Event "29th NATO Chess Championship"]
[Site "Lubbock"]
[Date "2018.06.07"]
[Round "6.16"]
[White "Hernandez, Albert"]
[Black "Cichy, Kamil"]
[Result "1-0"]
[WhiteElo "1950"]
[BlackElo "2094"]
[PlyCount "91"]
[EventDate "2018.06.04"]
[EventType "swiss"]
[EventRounds "7"]
[EventCountry "USA"]
[SourceVersion "1"]
[SourceVersionDate "2018.06.14"]
[SourceQuality "1"]
[WhiteTeam "VETERANS B"]
[BlackTeam "POLAND"]
[BlackTeamCountry "POL"]

1. d4 Nf6 2. c4 e6 3. Nc3 Bb4 4. Qc2 O-O 5. Nf3 c5 6. e3 b6 7. Be2 Bb7 8. O-O
Bxc3 9. Qxc3 Ne4 10. Qc2 d5 11. dxc5 bxc5 12. cxd5 exd5 13. Bd3 Nd7 14. b3 Rc8
15. Bb2 Ndf6 16. Nd2 Re8 17. f3 Nxd2 18. Qxd2 Qe7 19. Rfe1 Red8 20. Bf5 Rc6 21.
Rad1 Bc8 22. Bb1 Be6 23. Qd3 Rdc8 24. e4 c4 25. bxc4 dxc4 26. Qc2 c3 27. Bc1 g6
28. Be3 Qa3 29. Bd4 Nh5 30. Re3 Qa5 31. g3 Qc7 32. Kg2 f5 33. exf5 Bxf5 34.
Qb3+ Kf8 35. Bxf5 gxf5 36. Re5 c2 37. Rxf5+ Nf6 38. Rc1 Qd7 39. Qb4+ Kf7 40.
Rxf6+ Rxf6 41. Bxf6 Kxf6 42. Qb2+ Kf7 43. Rxc2 Rxc2+ 44. Qxc2 Qd4 45. Qxh7+ Ke6
46. Qe4+ 1-0

[Event "29th NATO Chess Championship"]
[Site "Lubbock"]
[Date "2018.06.07"]
[Round "6.17"]
[White "Mouroutis, Konstantinos"]
[Black "Tucker, David Sidney"]
[Result "1-0"]
[WhiteElo "2205"]
[BlackElo "1997"]
[PlyCount "119"]
[EventDate "2018.06.04"]
[EventType "swiss"]
[EventRounds "7"]
[EventCountry "USA"]
[SourceVersion "1"]
[SourceVersionDate "2018.06.14"]
[SourceQuality "1"]
[WhiteTeam "GREECE"]
[BlackTeam "VETERANS A"]
[WhiteTeamCountry "GRE"]

1. d4 c5 2. dxc5 e6 3. Nc3 Bxc5 4. Ne4 d5 5. Nxc5 Qa5+ 6. Bd2 Qxc5 7. Bc3 Nf6
8. Bxf6 gxf6 9. Qd2 e5 10. e3 Be6 11. Ne2 Nc6 12. c3 h5 13. h4 a6 14. g3 Ke7
15. Bg2 f5 16. Nc1 f6 17. Nd3 Qd6 18. b4 b6 19. Rd1 Rad8 20. O-O Kf7 21. Rfe1
Ne7 22. Nc1 Qc7 23. Ne2 Rc8 24. Kh2 Kg6 25. Rc1 Rhd8 26. Bf3 Rh8 27. Rc2 Bf7
28. Rb2 Rhd8 29. Ra1 Kg7 30. a4 Qd7 31. a5 b5 32. Bg2 Qc7 33. Ra3 Ng6 34. Bh3
Ne7 35. Ng1 Bg6 36. Nf3 Nc6 37. Ne1 Kf7 38. Bg2 e4 39. Bf1 Ne5 40. Be2 Kg7 41.
Ng2 Bf7 42. Nf4 Kh6 43. Kg2 Rd6 44. Qd1 Qd7 45. Rb1 Nc4 46. Rab3 Ne5 47. Bxh5
Rg8 48. Be2 d4 49. cxd4 Bxb3 50. Qxb3 Nf7 51. Rc1 Rf8 52. Bh5 Nh8 53. Rc5 Kg7
54. Qc2 Nf7 55. Bg6 Ra8 56. Bxf5 Qe8 57. Rc7 Kh6 58. Qe2 Ng5 59. hxg5+ fxg5 60.
Rh7# 1-0

[Event "29th NATO Chess Championship"]
[Site "Lubbock"]
[Date "2018.06.07"]
[Round "6.18"]
[White "Sauer, Marko"]
[Black "Wagenaar, Harm Theo"]
[Result "1/2-1/2"]
[WhiteElo "2119"]
[BlackElo "1911"]
[PlyCount "108"]
[EventDate "2018.06.04"]
[EventType "swiss"]
[EventRounds "7"]
[EventCountry "USA"]
[SourceVersion "1"]
[SourceVersionDate "2018.06.14"]
[SourceQuality "1"]
[WhiteTeam "GERMANY"]
[BlackTeam "NETHERLANDS"]
[WhiteTeamCountry "GER"]
[BlackTeamCountry "NED"]

1. e4 d5 2. exd5 Qxd5 3. Nc3 Qd8 4. d4 Nf6 5. Nf3 Bg4 6. h3 Bxf3 7. Qxf3 c6 8.
Be3 e6 9. O-O-O Bb4 10. Bg5 Bxc3 11. Qxc3 Ne4 12. Bxd8 Nxc3 13. bxc3 Kxd8 14.
Be2 Kc7 15. f4 Nd7 16. Rhf1 Rhe8 17. c4 Rad8 18. Rf3 Nf6 19. Ra3 Ra8 20. Bf3
Red8 21. g4 a6 22. g5 Ng8 23. d5 Ne7 24. Rad3 cxd5 25. cxd5 Nxd5 26. f5 Rac8
27. fxe6 fxe6 28. Bxd5 Rxd5 29. Rxd5 exd5 30. Rxd5 Rd8 31. Rf5 Rd7 32. h4 Kd6
33. Kb2 Ke6 34. Rc5 Rd4 35. Rc7 Rd7 36. Rc5 Rd4 37. Rc7 Rd7 38. Rc4 Ke5 39. Kb3
Rf7 40. a4 Kd6 41. Kb4 Rf5 42. Rd4+ Kc6 43. Re4 Kd6 44. c4 b6 45. Rd4+ Kc7 46.
Re4 Kd7 47. Kc3 Ra5 48. Rf4 Ke7 49. Kb4 Re5 50. Kc3 Ra5 51. Kb4 Re5 52. Rd4 Rf5
53. Re4+ Kd7 54. Rd4+ Ke7 1/2-1/2

[Event "29th NATO Chess Championship"]
[Site "Lubbock"]
[Date "2018.06.07"]
[Round "6.19"]
[White "Dekker, Ard E"]
[Black "Onley, David"]
[Result "0-1"]
[WhiteElo "1955"]
[BlackElo "2113"]
[PlyCount "52"]
[EventDate "2018.06.04"]
[EventType "swiss"]
[EventRounds "7"]
[EventCountry "USA"]
[SourceVersion "1"]
[SourceVersionDate "2018.06.14"]
[SourceQuality "1"]
[WhiteTeam "NETHERLANDS"]
[BlackTeam "UNITED KINGDOM"]
[WhiteTeamCountry "NED"]

1. d4 Nf6 2. Nf3 g6 3. g3 Bg7 4. Bg2 O-O 5. O-O d6 6. c4 Nbd7 7. Nc3 e5 8. h3
Re8 9. e4 c6 10. Re1 a5 11. Be3 exd4 12. Nxd4 Nc5 13. Qc2 a4 14. b3 Nfd7 15.
Kh2 a3 16. Rad1 Qa5 17. Nde2 Na6 18. Rxd6 Nb4 19. Qb1 Nc5 20. f4 Nxe4 21. Nxe4
f5 22. Bd2 fxe4 23. Bxe4 Qc5 24. Bxb4 Qxb4 25. Bxg6 hxg6 26. Qxg6 Bf5 0-1

[Event "29th NATO Chess Championship"]
[Site "Lubbock"]
[Date "2018.06.07"]
[Round "6.20"]
[White "Farrell, John F"]
[Black "Tammisto, Janek"]
[Result "1/2-1/2"]
[WhiteElo "2208"]
[BlackElo "1940"]
[PlyCount "42"]
[EventDate "2018.06.04"]
[EventType "swiss"]
[EventRounds "7"]
[EventCountry "USA"]
[SourceVersion "1"]
[SourceVersionDate "2018.06.14"]
[SourceQuality "1"]

1. c4 g6 2. g3 Bg7 3. Bg2 e6 4. Nc3 c6 5. e4 Ne7 6. Nge2 O-O 7. d4 d5 8. cxd5
exd5 9. exd5 Nxd5 10. Nxd5 cxd5 11. O-O Nc6 12. Be3 Bg4 13. Qd2 Re8 14. Nc3 Be6
15. h3 Rc8 16. Rac1 Qd7 17. Kh2 Ne7 18. Bf4 Rc4 19. Ne2 Rec8 20. Rxc4 Rxc4 21.
b3 Rc8 1/2-1/2

[Event "29th NATO Chess Championship"]
[Site "Lubbock"]
[Date "2018.06.07"]
[Round "6.21"]
[White "Nilsson, Erik"]
[Black "Duren, Andrew"]
[Result "1/2-1/2"]
[WhiteElo "2071"]
[BlackElo "1982"]
[PlyCount "61"]
[EventDate "2018.06.04"]
[EventType "swiss"]
[EventRounds "7"]
[EventCountry "USA"]
[SourceVersion "1"]
[SourceVersionDate "2018.06.14"]
[SourceQuality "1"]

1. d4 Nf6 2. c4 g6 3. Nc3 Bg7 4. e4 d6 5. f3 O-O 6. Bg5 c5 7. d5 e6 8. Nge2
exd5 9. cxd5 a6 10. a4 Nbd7 11. Ng3 h6 12. Be3 Rb8 13. Be2 Qc7 14. Qd2 Kh7 15.
O-O b6 16. Rfc1 Ne5 17. Rab1 g5 18. Kh1 c4 19. b4 b5 20. a5 Ng6 21. Rc2 Qe7 22.
Bf1 Re8 23. Re1 Bh8 24. Nge2 Nd7 25. Nd4 Qf6 26. Qf2 Nde5 27. g3 Bd7 28. Rd1
Rec8 29. Kg2 Rg8 30. Kh1 Rbc8 31. Be2 1/2-1/2

[Event "29th NATO Chess Championship"]
[Site "Lubbock"]
[Date "2018.06.07"]
[Round "6.22"]
[White "Cheung, Jan W"]
[Black "Middaugh, Jon S"]
[Result "1/2-1/2"]
[WhiteElo "2043"]
[BlackElo "1918"]
[PlyCount "46"]
[EventDate "2018.06.04"]
[EventType "swiss"]
[EventRounds "7"]
[EventCountry "USA"]
[SourceVersion "1"]
[SourceVersionDate "2018.06.14"]
[SourceQuality "1"]

1. d4 Nf6 2. c4 e6 3. Nf3 d5 4. g3 c6 5. Bg2 Be7 6. O-O O-O 7. Qc2 Nbd7 8. Nbd2
Re8 9. Rd1 Qc7 10. b3 b6 11. Bb2 Bb7 12. Rac1 Rac8 13. e4 dxe4 14. Nxe4 Nxe4
15. Qxe4 c5 16. Qe2 Bf6 17. dxc5 bxc5 18. Bxf6 Nxf6 19. Ne5 Bxg2 20. Kxg2 Red8
21. Qe3 h6 22. f3 Qa5 23. Qe2 Qc7 1/2-1/2

[Event "29th NATO Chess Championship"]
[Site "Lubbock"]
[Date "2018.06.07"]
[Round "6.24"]
[White "Papler, Peter"]
[Black "Wells, Daniel J"]
[Result "0-1"]
[WhiteElo "1646"]
[BlackElo "2014"]
[PlyCount "120"]
[EventDate "2018.06.04"]
[EventType "swiss"]
[EventRounds "7"]
[EventCountry "USA"]
[SourceVersion "1"]
[SourceVersionDate "2018.06.14"]
[SourceQuality "1"]

1. d4 Nf6 2. Bf4 g6 3. Nf3 Bg7 4. e3 d6 5. c3 O-O 6. Nbd2 c5 7. Be2 Nc6 8. h3
Re8 9. O-O e5 10. dxe5 dxe5 11. Bg5 e4 12. Nh2 h6 13. Bxf6 Qxf6 14. Qc2 Qe7 15.
Rfd1 f5 16. Nc4 Be6 17. Rd2 Rad8 18. Rad1 Rxd2 19. Rxd2 Rd8 20. Nf1 b5 21.
Rxd8+ Qxd8 22. Ncd2 a6 23. c4 Nb4 24. Qb1 Qb6 25. a3 Nc6 26. cxb5 axb5 27. b3
Ne5 28. Qc2 Qc6 29. a4 bxa4 30. bxa4 c4 31. Nb1 c3 32. Bb5 Qc8 33. Ng3 Nd3 34.
Ne2 Nb4 35. Qc1 c2 36. Na3 Bb3 37. Nxc2 Qxc2 38. Qxc2 Bxc2 39. Nf4 Kf7 40. a5
Bd3 41. Nxd3 exd3 42. a6 d2 43. Ba4 Nxa6 44. Kf1 Nc5 45. Bd1 Bc3 46. Ke2 Ne4
47. f3 Nc5 48. g4 Kf6 49. Bc2 fxg4 50. hxg4 g5 51. f4 Ba5 52. f5 Nd7 53. Bd1
Ne5 54. Kf2 Nd3+ 55. Ke2 Nb2 56. Bc2 Ke5 57. e4 d1=Q+ 58. Bxd1 Nxd1 59. Kxd1
Kxe4 60. f6 Bb4 0-1

[Event "29th NATO Chess Championship"]
[Site "Lubbock"]
[Date "2018.06.07"]
[Round "6.26"]
[White "Koopmeiners, Karl"]
[Black "Ntalampiras, Spyros"]
[Result "0-1"]
[WhiteElo "1991"]
[BlackElo "1780"]
[PlyCount "95"]
[EventDate "2018.06.04"]
[EventType "swiss"]
[EventRounds "7"]
[EventCountry "USA"]
[SourceVersion "1"]
[SourceVersionDate "2018.06.14"]
[SourceQuality "1"]

1. d4 Nf6 2. c4 g6 3. Nc3 d5 4. cxd5 Nxd5 5. e4 Nxc3 6. bxc3 Bg7 7. Nf3 c5 8.
Be3 Nc6 9. Rb1 O-O 10. Qd2 cxd4 11. cxd4 a6 12. Be2 b5 13. Rc1 Bb7 14. d5 Ne5
15. Nxe5 Bxe5 16. O-O Bg7 17. Bf4 e5 18. Be3 Qd7 19. Rc3 Rfc8 20. Rfc1 Rxc3 21.
Rxc3 Bf8 22. Qc1 Rc8 23. Kf1 f6 24. Rxc8 Qxc8 25. Qxc8 Bxc8 26. f4 Bd6 27. g3
Kf7 28. fxe5 fxe5 29. Ke1 Bd7 30. Kd2 Bb4+ 31. Kc2 Ke7 32. Kb3 a5 33. Bb6 Kd6
34. Ba7 Kc7 35. Be3 Kd6 36. Ba7 Ke7 37. Bb6 Kd6 38. Be3 Ke7 39. a3 Be1 40. Bg5+
Kd6 41. g4 a4+ 42. Kc2 Bf2 43. h4 Bc5 44. Bh6 Kc7 45. Bg7 Bd6 46. Bh6 Kb6 47.
Be3+ Bc5 48. Bd2 0-1

[Event "29th NATO Chess Championship"]
[Site "Lubbock"]
[Date "2018.06.07"]
[Round "6.27"]
[White "Smit, Jan"]
[Black "Pirs, Matjaz2"]
[Result "1/2-1/2"]
[WhiteElo "1850"]
[BlackElo "1983"]
[PlyCount "118"]
[EventDate "2018.06.04"]
[EventType "swiss"]
[EventRounds "7"]
[EventCountry "USA"]
[SourceVersion "1"]
[SourceVersionDate "2018.06.14"]
[SourceQuality "1"]

1. d4 d5 2. Nf3 Nf6 3. Bg5 Nbd7 4. Nbd2 c6 5. e3 Qb6 6. Qc1 g6 7. Bd3 Bg7 8. c3
c5 9. a4 a5 10. O-O O-O 11. Re1 Re8 12. Bb5 h6 13. Bh4 Rf8 14. Qc2 g5 15. Bg3
Nh5 16. Bxd7 Bxd7 17. Ne5 Be8 18. Nb3 Nxg3 19. hxg3 c4 20. Nd2 f6 21. Nef3 Rc8
22. e4 Bg6 23. Qc1 e6 24. e5 f5 25. Nh2 f4 26. g4 Rc7 27. f3 Qa7 28. Nb1 Rb8
29. Na3 Be8 30. Qc2 Qb6 31. Re2 Bf8 32. Kf2 Kg7 33. Nf1 Qa6 34. Rd2 b6 35. Nh2
Bg6 36. Qd1 Bxa3 37. Rxa3 b5 38. axb5 Rxb5 39. Qa1 Qb6 40. Nf1 Bd3 41. Rd1 Rb7
42. Rd2 Kg6 43. Nh2 Qa6 44. Ra2 Qb6 45. Rd1 Qc7 46. Rd2 Qd8 47. Rd1 Qb8 48. Rd2
a4 49. Qc1 a3 50. Rxa3 Rxb2 51. Ra2 Rb1 52. Qa3 Rh1 53. Rdb2 Rb1 54. Rxb7 Qxb7
55. Qf8 Rb2+ 56. Rxb2 Qxb2+ 57. Kg1 Qb1+ 58. Nf1 Qxf1+ 59. Kh2 Kh7 1/2-1/2

[Event "29th NATO Chess Championship"]
[Site "Lubbock"]
[Date "2018.06.07"]
[Round "6.28"]
[White "Portman, Carl S"]
[Black "Van den Heuvel, Tonnie"]
[Result "1/2-1/2"]
[WhiteElo "1886"]
[BlackElo "1832"]
[PlyCount "24"]
[EventDate "2018.06.04"]
[EventType "swiss"]
[EventRounds "7"]
[EventCountry "USA"]
[SourceVersion "1"]
[SourceVersionDate "2018.06.14"]
[SourceQuality "1"]

1. d4 b6 2. c4 Bb7 3. Nf3 e6 4. g3 f5 5. Bg2 Nf6 6. O-O Be7 7. Nc3 d6 8. d5
exd5 9. cxd5 O-O 10. Nd4 Qd7 11. Qc2 g6 12. b4 c6 1/2-1/2

[Event "29th NATO Chess Championship"]
[Site "Lubbock"]
[Date "2018.06.07"]
[Round "6.29"]
[White "Hendy, Jerry"]
[Black "Simard, Francois"]
[Result "1-0"]
[WhiteElo "1639"]
[BlackElo "1821"]
[PlyCount "63"]
[EventDate "2018.06.04"]
[EventType "swiss"]
[EventRounds "7"]
[EventCountry "USA"]
[SourceVersion "1"]
[SourceVersionDate "2018.06.14"]
[SourceQuality "1"]

1. e4 c5 2. Nf3 e6 3. d4 cxd4 4. Nxd4 Nf6 5. Bd3 Nc6 6. Nxc6 bxc6 7. Bg5 Be7 8.
O-O d5 9. Nd2 O-O 10. e5 Nd7 11. Bxe7 Qxe7 12. Re1 Nc5 13. Nf3 Nxd3 14. Qxd3
Rb8 15. Rab1 Rb6 16. c3 Ba6 17. Qc2 Rfb8 18. Red1 f6 19. Rd4 Qa3 20. bxa3 Rxb1+
21. Rd1 R1b2 22. Qa4 Be2 23. Rc1 Rb1 24. Qf4 Bd3 25. Ne1 Rxc1 26. Qxc1 Rb1 27.
Qe3 fxe5 28. Qxe5 Be4 29. Qxe6+ Kf8 30. Qc8+ Ke7 31. Qc7+ Kf8 32. Qf4+ 1-0

[Event "29th NATO Chess Championship"]
[Site "Lubbock"]
[Date "2018.06.07"]
[Round "6.30"]
[White "Tremblay, Mario"]
[Black "O'Byrne, Daniel"]
[Result "1/2-1/2"]
[WhiteElo "1636"]
[BlackElo "1676"]
[PlyCount "37"]
[EventDate "2018.06.04"]
[EventType "swiss"]
[EventRounds "7"]
[EventCountry "USA"]
[SourceVersion "1"]
[SourceVersionDate "2018.06.14"]
[SourceQuality "1"]

1. e4 c5 2. c3 e6 3. d4 Nf6 4. Bd3 Nc6 5. Nf3 cxd4 6. cxd4 Nb4 7. O-O Nxd3 8.
Qxd3 Be7 9. Re1 O-O 10. Nc3 h6 11. e5 Nh7 12. Ne4 d6 13. Bf4 dxe5 14. Nxe5 Qd5
15. Re3 Nf6 16. Nxf6+ Bxf6 17. Rg3 Kh8 18. Qe3 g5 19. Bxg5 1/2-1/2

[Event "29th NATO Chess Championship"]
[Site "Lubbock"]
[Date "2018.06.08"]
[Round "7.1"]
[White "Pavlidis, Anastasios"]
[Black "Everett, Elijah"]
[Result "1/2-1/2"]
[WhiteElo "2357"]
[BlackElo "2217"]
[PlyCount "99"]
[EventDate "2018.06.04"]
[EventType "swiss"]
[EventRounds "7"]
[EventCountry "USA"]
[SourceVersion "1"]
[SourceVersionDate "2018.06.14"]
[SourceQuality "1"]
[WhiteTeam "GREECE"]
[BlackTeam "GERMANY"]
[WhiteTeamCountry "GRE"]
[BlackTeamCountry "GER"]

1. d4 Nf6 2. c4 g6 3. Nc3 Bg7 4. e4 d6 5. Be2 O-O 6. Nf3 e5 7. Be3 Ng4 8. Bg5
f6 9. Bh4 Nc6 10. d5 Ne7 11. Nd2 Nh6 12. f3 c5 13. dxc6 bxc6 14. Bf2 Be6 15. b4
d5 16. Nb3 d4 17. Na4 f5 18. Nac5 Bc8 19. Na5 Qd6 20. O-O Nf7 21. Qa4 Ng5 22.
Rad1 Bf6 23. Bg3 Kg7 24. Ncb3 Ne6 25. c5 Qc7 26. Nc4 f4 27. Bf2 Bd7 28. Nd6 Nc8
29. Nxc8 Raxc8 30. Na5 Rb8 31. Bc4 Nd8 32. Rb1 Be7 33. Ba6 Ne6 34. Bc4 Nd8 35.
Rfc1 Nb7 36. Nxb7 Rxb7 37. Ba6 Rbb8 38. Be1 h6 39. Kf1 Rfd8 40. Rb3 Be6 41. Ra3
Bd7 42. Qb3 Rf8 43. Qd3 Rfe8 44. Ra5 Rf8 45. Qa3 Rfe8 46. Bd3 Rb7 47. Ra6 Reb8
48. Ra5 Rf8 49. Ra6 Rfb8 50. Ra5 1/2-1/2

[Event "29th NATO Chess Championship"]
[Site "Lubbock"]
[Date "2018.06.08"]
[Round "7.2"]
[White "Nill, Oliver"]
[Black "Graczyk, Damian"]
[Result "1/2-1/2"]
[WhiteElo "2194"]
[BlackElo "2066"]
[PlyCount "92"]
[EventDate "2018.06.04"]
[EventType "swiss"]
[EventRounds "7"]
[EventCountry "USA"]
[SourceVersion "1"]
[SourceVersionDate "2018.06.14"]
[SourceQuality "1"]
[WhiteTeam "NATO A"]
[BlackTeam "POLAND"]
[BlackTeamCountry "POL"]

1. c4 e5 2. Nc3 Nc6 3. g3 f5 4. Bg2 Nf6 5. e3 d5 6. cxd5 Nb4 7. d3 Nfxd5 8.
Nxd5 Nxd5 9. Nf3 Bd6 10. O-O Nf6 11. b4 Qe7 12. Bb2 O-O 13. a3 Kh8 14. Qc2 c6
15. Rfe1 a5 16. bxa5 Rxa5 17. a4 Nd5 18. Nd2 Nb4 19. Qb1 Be6 20. f4 exf4 21.
exf4 Rfa8 22. Nf3 Qd7 23. Qd1 Bd5 24. Ng5 Bg8 25. Kh1 Be7 26. Nf3 Bf6 27. d4 c5
28. Ne5 Bxe5 29. Rxe5 c4 30. Rxa5 Rxa5 31. Qd2 Rxa4 32. Rxa4 Qxa4 33. Bxb7 Nd3
34. Bc3 Qb5 35. Bf3 Bd5 36. Kg2 Bxf3+ 37. Kxf3 Qd5+ 38. Ke2 Qh1 39. d5 Qxd5 40.
Qe3 Qg2+ 41. Kd1 h6 42. Bxg7+ Kxg7 43. Qe7+ Kg6 44. Qe6+ Kg7 45. Qe7+ Kg6 46.
Qe6+ Kg7 1/2-1/2

[Event "29th NATO Chess Championship"]
[Site "Lubbock"]
[Date "2018.06.08"]
[Round "7.3"]
[White "Pavlidou, Ekaterini"]
[Black "Bobula, Mateusz"]
[Result "1/2-1/2"]
[WhiteElo "2157"]
[BlackElo "2347"]
[PlyCount "77"]
[EventDate "2018.06.04"]
[EventType "swiss"]
[EventRounds "7"]
[EventCountry "USA"]
[SourceVersion "1"]
[SourceVersionDate "2018.06.14"]
[SourceQuality "1"]
[WhiteTeam "GREECE"]
[BlackTeam "POLAND"]
[WhiteTeamCountry "GRE"]
[BlackTeamCountry "POL"]

1. d4 d5 2. c4 e6 3. Nc3 c5 4. cxd5 exd5 5. Nf3 Nc6 6. g3 Nf6 7. Bg2 Be7 8. O-O
O-O 9. dxc5 Bxc5 10. a3 a6 11. b4 Ba7 12. Bg5 d4 13. Ne4 Bf5 14. Nxf6+ gxf6 15.
Bh6 Re8 16. Nh4 Bg4 17. Bf3 Ne5 18. Bxg4 Nxg4 19. Qd2 Qd5 20. Bf4 Rad8 21. Rad1
Qh5 22. Qd3 Ne5 23. Bxe5 fxe5 24. Qe4 Rd7 25. Rd3 f6 26. Nf5 Kh8 27. Kg2 Rg8
28. h3 Rc8 29. Rfd1 Qf7 30. Rf3 Qe6 31. g4 Qc6 32. Ng3 Re7 33. Rf5 Re6 34. Rd3
Qxe4+ 35. Nxe4 Rc2 36. Kf3 Kg7 37. Ng3 Bb6 38. Ke4 Bd8 39. Rdf3 1/2-1/2

[Event "29th NATO Chess Championship"]
[Site "Lubbock"]
[Date "2018.06.08"]
[Round "7.4"]
[White "Hansen, Stefan"]
[Black "Drabke, Lorenz Maximilian"]
[Result "0-1"]
[WhiteElo "2047"]
[BlackElo "2419"]
[PlyCount "82"]
[EventDate "2018.06.04"]
[EventType "swiss"]
[EventRounds "7"]
[EventCountry "USA"]
[SourceVersion "1"]
[SourceVersionDate "2018.06.14"]
[SourceQuality "1"]
[WhiteTeam "DENMARK"]
[BlackTeam "GERMANY"]
[WhiteTeamCountry "DEN"]
[BlackTeamCountry "GER"]

1. Nf3 d5 2. d4 Nf6 3. c4 c6 4. Qc2 dxc4 5. Qxc4 Bf5 6. e3 Nbd7 7. g3 e5 8.
dxe5 Ng4 9. e6 fxe6 10. Nd4 Nge5 11. Qb3 Nc5 12. Qd1 Be4 13. Qh5+ Nf7 14. b4
Bxh1 15. bxc5 Qf6 16. Nd2 e5 17. N4b3 O-O-O 18. Bh3+ Kb8 19. Rb1 Ng5 20. Bb2
Ka8 21. f4 Nxh3 22. Qxh3 Qg6 23. f5 Qg5 24. Ke2 Bd5 25. Bxe5 Bxb3 26. Nxb3 Rd5
27. Bd4 Qxf5 28. Qxf5 Rxf5 29. e4 Rf7 30. Na5 h5 31. Kd3 Rh6 32. h4 Rg6 33. Kc4
Rg4 34. e5 Rd7 35. Nb3 b5+ 36. Kd3 Rxg3+ 37. Ke4 Rg4+ 38. Kf5 Rgxd4 39. Nxd4
Rxd4 40. Ke6 Bxc5 41. Kf7 Rxh4 0-1

[Event "29th NATO Chess Championship"]
[Site "Lubbock"]
[Date "2018.06.08"]
[Round "7.5"]
[White "Watters, Chase Miles"]
[Black "Helbig, Mark"]
[Result "0-1"]
[WhiteElo "2175"]
[BlackElo "2361"]
[PlyCount "152"]
[EventDate "2018.06.04"]
[EventType "swiss"]
[EventRounds "7"]
[EventCountry "USA"]
[SourceVersion "1"]
[SourceVersionDate "2018.06.14"]
[SourceQuality "1"]
[WhiteTeam "UNITED STATES"]
[BlackTeam "GERMANY"]
[WhiteTeamCountry "USA"]
[BlackTeamCountry "GER"]

1. d4 Nf6 2. c4 g6 3. Nf3 Bg7 4. Nc3 O-O 5. Bf4 d6 6. h3 Nbd7 7. e3 b6 8. Be2
Bb7 9. O-O Ne4 10. Nxe4 Bxe4 11. Nd2 Bb7 12. Qc2 e5 13. dxe5 Nxe5 14. Rac1 Qe7
15. b4 a5 16. b5 Rae8 17. Nb3 h6 18. Nd4 f5 19. Rfd1 Be4 20. Qb3 Kh7 21. Bxe5
Qxe5 22. Bf3 Qf6 23. Rf1 Qh4 24. Bxe4 fxe4 25. Qd1 h5 26. Qc2 Rf7 27. Rce1 Be5
28. Nc6 Rf5 29. Nxe5 Rexe5 30. Kh2 Qf6 31. Re2 Kh6 32. Rd2 g5 33. Rd4 Qe7 34.
Rh1 Kg7 35. Qe2 Qf7 36. Rf1 Kf8 37. Kg1 Ke7 38. Qc2 Qe6 39. Qe2 Qg6 40. Qc2 Rf6
41. Rd5 Rfe6 42. Rfd1 g4 43. hxg4 hxg4 44. R1d4 Kd7 45. c5 Rxd5 46. Rxd5 bxc5
47. Qxc5 g3 48. Qc6+ Kd8 49. Qa8+ Ke7 50. Qxa5 gxf2+ 51. Kf1 Kd7 52. b6 Rf6 53.
Rg5 Qh6 54. Qa4+ Ke7 55. Qxe4+ Re6 56. Qg4 cxb6 57. Kxf2 Qf6+ 58. Rf5 Qb2+ 59.
Kf3 Qa1 60. Qg5+ Kd7 61. Kg3 Qe1+ 62. Kh2 Qxe3 63. Qxe3 Rxe3 64. Rf2 d5 65. g3
Kd6 66. Kh3 d4 67. Kh4 d3 68. g4 Ke5 69. Rb2 Re2 70. Rb5+ Kf4 71. Rb4+ Ke3 72.
Rxb6 d2 73. Rd6 Re1 74. g5 d1=Q 75. Rxd1 Rxd1 76. g6 Kf4 0-1

[Event "29th NATO Chess Championship"]
[Site "Lubbock"]
[Date "2018.06.08"]
[Round "7.6"]
[White "Pedersen, Finn"]
[Black "Bohn, Ulrich"]
[Result "1/2-1/2"]
[WhiteElo "2302"]
[BlackElo "2185"]
[PlyCount "115"]
[EventDate "2018.06.04"]
[EventType "swiss"]
[EventRounds "7"]
[EventCountry "USA"]
[SourceVersion "1"]
[SourceVersionDate "2018.06.14"]
[SourceQuality "1"]
[WhiteTeam "DENMARK"]
[BlackTeam "GERMANY"]
[WhiteTeamCountry "DEN"]
[BlackTeamCountry "GER"]

1. d4 Nf6 2. Nf3 c5 3. e3 g6 4. Be2 Bg7 5. O-O O-O 6. dxc5 Qa5 7. a3 Qxc5 8. b4
Qc7 9. Bb2 d5 10. Nbd2 Rd8 11. Be5 Qb6 12. c4 dxc4 13. Qc1 Be6 14. Bxc4 Bxc4
15. Nxc4 Qb5 16. Qc2 Rc8 17. Rfc1 Nbd7 18. Bd4 Qh5 19. Qb2 b5 20. Nce5 Nb6 21.
Qe2 Nfd7 22. Nc6 Re8 23. h3 a6 24. Bxg7 Kxg7 25. Rd1 Nf6 26. Qd3 Nc4 27. Qb3
Rac8 28. Ncd4 e5 29. Ne2 Qf5 30. a4 Re7 31. axb5 axb5 32. Ng3 Qe6 33. Ng5 Qc6
34. Rac1 h6 35. Nf3 Qe6 36. Ne1 Rec7 37. Nd3 Ra8 38. Nc5 Qe7 39. Ra1 Rca7 40.
Rxa7 Rxa7 41. e4 Nd7 42. Nd3 Nb8 43. Nf1 Nc6 44. Nd2 Ra3 45. Qb1 Rxd3 46. Qxd3
Nb2 47. Qxb5 Nd4 48. Qf1 Qxb4 49. Qe1 Nxd1 50. Qxd1 Ne6 51. Qe2 Qb2 52. Qe3 Ng5
53. Kh2 Qb4 54. h4 Ne6 55. Nf3 Qc5 56. Qxc5 Nxc5 57. Nxe5 Nxe4 58. f3 1/2-1/2

[Event "29th NATO Chess Championship"]
[Site "Lubbock"]
[Date "2018.06.08"]
[Round "7.7"]
[White "Sycz, Dariusz"]
[Black "Hernandez, Albert"]
[Result "1-0"]
[WhiteElo "2222"]
[BlackElo "1950"]
[PlyCount "114"]
[EventDate "2018.06.04"]
[EventType "swiss"]
[EventRounds "7"]
[EventCountry "USA"]
[SourceVersion "1"]
[SourceVersionDate "2018.06.14"]
[SourceQuality "1"]
[WhiteTeam "POLAND"]
[BlackTeam "VETERANS B"]
[WhiteTeamCountry "POL"]

1. d4 d5 2. c4 c6 3. Nf3 e6 4. Nc3 f5 5. g3 Nf6 6. Bg2 Be7 7. O-O O-O 8. Qc2
Re8 9. Rb1 a6 10. Ne5 Nbd7 11. cxd5 cxd5 12. Bf4 Nxe5 13. Bxe5 Bd7 14. f3 Bc6
15. Qb3 Bd6 16. Rbd1 Bxe5 17. dxe5 Nd7 18. e4 Qb6+ 19. Qxb6 Nxb6 20. exf5 exf5
21. f4 Rad8 22. Rd4 Kf7 23. b3 Ke6 24. Rfd1 Rd7 25. a4 Red8 26. Ne2 Nc8 27.
R4d2 g6 28. Nd4+ Ke7 29. Rc1 Na7 30. Rc5 Rb8 31. Kf2 Rbd8 32. h3 h5 33. Bf1 Rb8
34. Be2 Rdd8 35. g4 hxg4 36. hxg4 fxg4 37. Bxg4 Rh8 38. Kg3 Rh1 39. Bf3 Rhh8
40. Bxd5 Bxd5 41. Rxd5 Rhd8 42. Nf3 Rxd5 43. Rxd5 Rd8 44. Rxd8 Kxd8 45. Kg4 Ke7
46. Kg5 Kf7 47. Kh6 Nc6 48. Ng5+ Ke7 49. Kxg6 b5 50. e6 b4 51. f5 Ne5+ 52. Kg7
Ng4 53. Ne4 Ne3 54. f6+ Kxe6 55. Nc5+ Ke5 56. f7 Nf5+ 57. Kh7 Kd5 1-0

[Event "29th NATO Chess Championship"]
[Site "Lubbock"]
[Date "2018.06.08"]
[Round "7.8"]
[White "Andersen, Hans Christoph"]
[Black "Pietruszewski, Marcin"]
[Result "0-1"]
[WhiteElo "2213"]
[BlackElo "2198"]
[PlyCount "79"]
[EventDate "2018.06.04"]
[EventType "swiss"]
[EventRounds "7"]
[EventCountry "USA"]
[SourceVersion "1"]
[SourceVersionDate "2018.06.14"]
[SourceQuality "1"]
[WhiteTeam "GERMANY"]
[BlackTeam "POLAND"]
[WhiteTeamCountry "GER"]
[BlackTeamCountry "POL"]

1. d4 d5 2. c4 c6 3. Nf3 Nf6 4. e3 a6 5. Nbd2 Bg4 6. h3 Bh5 7. g4 Bg6 8. Ne5
Nfd7 9. Nxg6 hxg6 10. Bg2 e6 11. e4 dxc4 12. Nxc4 b5 13. Ne3 Nb6 14. O-O c5 15.
d5 e5 16. b3 N8d7 17. a4 Rb8 18. Qe2 Nc8 19. axb5 axb5 20. Bd2 Nd6 21. Ra6 Ra8
22. Ba5 Qc8 23. Rxa8 Qxa8 24. Bc7 Qa6 25. Qb2 Qb7 26. Bxd6 Bxd6 27. Ra1 Ke7 28.
Bf1 Qb6 29. Qd2 Rb8 30. Ra5 c4 31. bxc4 b4 32. Rb5 Qd4 33. Qc2 Rxb5 34. cxb5
Nc5 35. Nc4 b3 36. Qb1 Qc3 37. b6 Qc2 38. Qa1 Qa2 39. Qb2 Na4 40. Qd2 $138 0-1